00918 a2200181 450000100060000002000180000604100080002408200080003210000190004030000140005950000240007352004950009752100070059285600240059904000250062324500400064826000480068847611 a9788574066400 apor a[E] aKondo, Daniel. bil. color aEdição bilingue aCom a mesma proposta de Coletivos On the Table, Daniel Kondo apresenta os opostos, nesta edição bilíngue português-inglês. Os conceitos de longe e perto, alto e baixo, devagar e rápido, entre outros, vêm acompanhados de uma delicada narrativa visual que mostra as andanças de um garoto em sua bicicleta. Ele roda o mundo, cruza as mais diferentes paisagens, conhece diversos meios de transporte e ainda se depara com personagens muito simpáticos, como o E.T. de Spielberg. aSK u000033/0000337c.jpg aBR-BrIDEAcBR-BrIDEA10aOpostosbon the tablecDaniel Kondo aSão PaulobCompanhia das Letrinhasc2014